| 000 | 00521nam a2200193 a 4500 | ||
|---|---|---|---|
| 005 | 20140310183134.0 | ||
| 008 | 020824s19uu xx 00 eng d | ||
| 020 | _a9712711234 | ||
| 020 | _a9712711242 | ||
| 050 |
_aHF 5415 _b.L298 2001 |
||
| 100 | _aLao, Felix Jr. M. | ||
| 245 |
_aPrinciples of marketing / _cFelix M. Lao Jr. |
||
| 260 |
_aPasig City : _bAnvil Publishing Inc. , _c2001. |
||
| 300 |
_a293 p. : _bill. ; _c25 cm. |
||
| 521 | _aBSBA | ||
| 546 | _aC0001 | ||
| 650 | _aMarketing | ||
| 942 |
_cBK _2lcc _kLOC |
||
| 999 |
_c19242 _d19242 |
||